Crewe services & Investment Corp v Silk (Record no. 55975)

MARC details
000 -LEADER
fixed length control field 01611cab a2200301 4500
001 - CONTROL NUMBER
control field ABS59317
008 - FIXED-LENGTH DATA ELEMENTS--GENERAL INFORMATION
fixed length control field 090401t1998 xxu||||| |||| 00| 0 eng d
035 ## - SYSTEM CONTROL NUMBER
System control number (Sirsi) u88566
041 ## - LANGUAGE CODE
Language code of text/sound track or separate title eng
245 ## - TITLE STATEMENT
Title Crewe services & Investment Corp v Silk
260 ## - PUBLICATION, DISTRIBUTION, ETC.
Date of publication, distribution, etc. 1998
350 ## - PRICE (NR) (BK AM CF MU VM SE) [OBSOLETE]
Price 0
490 ## - SERIES STATEMENT
Series statement Estates Gazette
Volume/sequential designation [1998] 35 EG 81-86(6) (29/08/98)
520 ## - SUMMARY, ETC.
Summary, etc. "Crewe services & Investment Corp v Silk" CA 2 December 1997. The appellant tenant held an annual tenancy of an agricultural holding protected by Agricultural Holdings Act 1986. The terms of the tenancy required the tenant to repair buildings and fixtures, farm in accordance with the rules of good husbandry and destroy weeds. Following a schedule of disrepair, the respondent landlord brought proceedings. The judge found the tenant in breach of covenant by failing to cultivate one field, allowing deterioration of a barn and failing to maintain hedges and gates. Damages were assessed at £15,940 including VAT. The tenant appealed contending, inter alia, that it was wrong to use the costs of repairs as a measure of damages and that the landlord had not proved any damage to its revision. Held: Appeal was allowed.
650 ## - SUBJECT ADDED ENTRY--TOPICAL TERM
Topical term or geographic name entry element AGRICULTURAL HOLDINGS ACT 1986
650 ## - SUBJECT ADDED ENTRY--TOPICAL TERM
Topical term or geographic name entry element AGRICULTURAL HOLDINGS
650 ## - SUBJECT ADDED ENTRY--TOPICAL TERM
Topical term or geographic name entry element BARN
650 ## - SUBJECT ADDED ENTRY--TOPICAL TERM
Topical term or geographic name entry element BREACH OF COVENANT
650 ## - SUBJECT ADDED ENTRY--TOPICAL TERM
Topical term or geographic name entry element CREWE SERVICES & INVESTMENT CORP V SILK
650 ## - SUBJECT ADDED ENTRY--TOPICAL TERM
Topical term or geographic name entry element DAMAGES
650 ## - SUBJECT ADDED ENTRY--TOPICAL TERM
Topical term or geographic name entry element GATES
650 ## - SUBJECT ADDED ENTRY--TOPICAL TERM
Topical term or geographic name entry element HEDGES
650 ## - SUBJECT ADDED ENTRY--TOPICAL TERM
Topical term or geographic name entry element REPAIRS
650 ## - SUBJECT ADDED ENTRY--TOPICAL TERM
Topical term or geographic name entry element WEEDS
690 ## - LOCAL SUBJECT ADDED ENTRY--TOPICAL TERM (OCLC, RLIN)
Topical term or geographic name as entry element LANDLORD AND TENANT-CASE LAW-AGRICULTURAL TENANCIES
942 ## - ADDED ENTRY ELEMENTS (KOHA)
Suppress in OPAC 0
948 ## - LOCAL PROCESSING INFORMATION (OCLC); SERIES PART DESIGNATOR (RLIN)
c (OCLC) 22/09/1998
Holdings
Withdrawn status Lost status Source of classification or shelving scheme Damaged status Not for loan Home library Current library Shelving location Date acquired Total Checkouts Full call number Barcode Date last seen Copy number Price effective from Koha item type
    Dewey Decimal Classification     London London Journal article 14/09/1999   ABS59317 88566-1001 06/08/2019 1 06/08/2019 Law report